The state in Eurasia : (Record no. 92540)

MARC details
000 -LEADER
fixed length control field 00658nam a22001937a 4500
005 - DATE AND TIME OF LATEST TRANSACTION
control field 20230608153237.0
010 ## - LCCN (DPL NO)
LC control number ENG-112518 ENG-137107
020 ## - INTERNATIONAL STANDARD BOOK NUMBER
International Standard Book Number 9789381904473
Terms of availability 680.00
035 ## - SYSTEM CONTROL NUMBER
System control number EN-96050 EN-120639
037 ## - SOURCE OF ACQUISITION
Source of stock number/acquisition DBAD/PUB
082 ## - DEWEY DECIMAL CLASSIFICATION NUMBER
Classification number 327.58
245 00 - TITLE STATEMENT
Title The state in Eurasia :
Statement of responsibility, etc edited by Anita Sengupta [and] Suchandana Chatterjee
Remainder of title local and global arenas /
260 ## - PUBLICATION, DISTRIBUTION, ETC. (IMPRINT)
Place of publication, distribution, etc New Delhi
Name of publisher, distributor, etc KW Publishers
Date of publication, distribution, etc 2013
270 ## - ADDRESS
Address 4676/21, First Floor, Ansari Road, Daryaganj,
City New Delhi
Postal code 110002
300 ## - PHYSICAL DESCRIPTION
Extent xvi,283p.
Dimensions 24cm(Hb)
700 ## - ADDED ENTRY--PERSONAL NAME
Personal name Sengupta, Anita
700 ## - ADDED ENTRY--PERSONAL NAME
Personal name Chatterjee, Suchandana
942 ## - ADDED ENTRY ELEMENTS (KOHA)
Source of classification or shelving scheme Dewey Decimal Classification
Item type English Books
Call number suffix STA
Classification part 327.58
Holdings
Withdrawn status Lost status Not for loan Collection code Home library Current library Date acquired Source of acquisition Cost, normal purchase price Full call number Barcode Copy number Cost, replacement price Koha item type
      Non-fiction Ashok Vihar Ashok Vihar 08/06/2023 DBAD/PUB 680.00 327.58 STA EN-120639 1 680.00 English Books
    Not For Loan Non-fiction D.B.Act.Division D.B.Act.Division 26/03/2015 DBAD/PUB 1399.00 327.58 STA EN-96050 1 1399.00 English Books

© Delhi Public Library
Hit Counter
free hit counter